000 00557nam a2200229Ia 4500
005 20140403134759.0
008 140130s9999 xx 000 0 und d
020 _a0439403804
050 _aPZ 7
_b.G192 2002
100 _aSmall-Gamby, Julie
_931192
245 _cSmall-Gamby, Julie
_aI will win! /
260 _bScholastic,
_c2002.
_aU.S.A :
300 _a11 p. :
_bcol. ill. ;
_c23 cm.
440 _v1
_931174
521 _aBR
526 _cBR
942 _cBK
_2lcc
999 _c42080
_d42080